|
|
|
|
| LEADER |
00839cam a2200229 7i4500 |
| 001 |
0000040093 |
| 005 |
20170218090000.0 |
| 020 |
|
|
|a 0335235654 (pbk.)
|
| 020 |
|
|
|a 9780335235650 (pbk.)
|
| 090 |
0 |
0 |
|a PN4731
|b .A45 2010
|
| 100 |
1 |
|
|a Allan, Stuart
|
| 245 |
1 |
0 |
|a News culture
|c Stuart Allan.
|
| 250 |
|
|
|a 3rd ed.
|
| 260 |
|
|
|a Maidenhead:
|b McGraw-Hill/Open University Press,
|c 2010.
|
| 300 |
|
|
|a xi, 311 p.;
|c 23 cm.
|
| 490 |
0 |
|
|a Issues in cultural and media studies
|
| 504 |
|
|
|a Includes bibliographical references and index
|
| 650 |
0 |
0 |
|a Journalism --
|x Social aspects
|
| 997 |
|
|
|a Communication, Visual Art & Computing, Faculty
|b Communication, Department
|
| 998 |
|
|
|a Communication (Journalism), Degree
|
| 999 |
|
|
|a 0000007031
|b BOK
|c OPEN SHELF
|e 1st Floor, Bestari Jaya
|
| 999 |
|
|
|a 0000053374
|b BOK
|c OPEN SHELF
|e 1st Floor, Bestari Jaya
|